[Event "?"]
[Site "Villa Martelli ARG"]
[Date "2017.09.05"]
[Round "1.1"]
[White "Cori Tello, Deysi"]
[Black "Librelato, Kathie Goulart"]
[Result "1-0"]
[WhiteElo "2389"]
[BlackElo "2085"]
[EventDate "2017.09.05"]
[PlyCount "71"]

1.d4 Nf6 2.Nf3 g6 3.Nc3 d5 4.Bf4 Bg7 5.h3 O-O 6.Nb5 Na6 7.e3 c5 8.Be2 Bf5 
9.O-O Nb4 10.dxc5 Ne4 11.c3 Nc6 12.Bh2 e5 13.c4 dxc4 14.Bxc4 Nxc5 15.Nd6 
Be6 16.Rc1 Qe7 17.Bxe6 Nxe6 18.Nc4 Rfd8 19.Qc2 Rac8 20.Qb1 Nc5 21.Rfd1 b5 
22.Rxd8+ Rxd8 23.Ncd2 Nb4 24.Ne4 Ncd3 25.Rd1 f5 26.Nc3 e4 27.Nd4 Bxd4 28.
exd4 e3 29.Rxd3 exf2+ 30.Kxf2 Nxd3+ 31.Qxd3 Qb4 32.Be5 Qxb2+ 33.Kg1 a6 34.
Qf3 b4 35.Qb7 Kf8 36.Nd5 1-0

[Event "9th American Continental (w)"]
[Site "Villa Martelli ARG"]
[Date "2017.09.05"]
[Round "1.2"]
[White "Carraro, Denise"]
[Black "Lujan, Carolina"]
[Result "0-1"]
[WhiteElo "2071"]
[BlackElo "2376"]
[EventDate "2017.09.05"]
[PlyCount "96"]

1.e4 c5 2.Nf3 Nc6 3.Nc3 e5 4.Bc4 Be7 5.d3 Nf6 6.Nd2 O-O 7.Nf1 a6 8.a4 Nb4 
9.Ne3 d6 10.O-O Be6 11.Ncd5 Nbxd5 12.exd5 Bd7 13.a5 Ne8 14.Bb3 Nc7 15.Nc4 
Nxd5 16.Nxe5 Be6 17.Nc4 Bf6 18.c3 Rb8 19.Ne3 Nc7 20.f4 Bxb3 21.Qxb3 d5 22.
Ng4 d4 23.Nxf6+ Qxf6 24.Qc4 Rbc8 25.Bd2 Nb5 26.Rac1 Qf5 27.Rf3 Rfe8 28.Qb3
Re2 29.Qd1 Rce8 30.c4 Na7 31.b4 cxb4 32.Bxb4 Nc6 33.Bd2 Nxa5 34.Rb1 Nxc4 
35.dxc4 Rxd2 36.Qxd2 Qxb1+ 37.Kf2 Qe4 38.Rb3 h6 39.Rb6 d3 40.Rd6 Qxc4 41.
Rxd3 b5 42.Rd6 b4 43.Rd4 Re2+ 44.Qxe2 Qxd4+ 45.Kg3 Qc3+ 46.Kf2 Qc5+ 47.Kg3
Qb5 48.Qe4 b3 0-1

[Event "9th American Continental (w)"]
[Site "Villa Martelli ARG"]
[Date "2017.09.05"]
[Round "1.3"]
[White "Arribas Robaina, Maritza"]
[Black "Nejanky, Maisa"]
[Result "1-0"]
[WhiteElo "2273"]
[BlackElo "2018"]
[EventDate "2017.09.05"]
[PlyCount "95"]

1.e4 c5 2.Nf3 d6 3.Bb5+ Nc6 4.O-O Bd7 5.Re1 Nf6 6.c3 a6 7.Bf1 e5 8.h3 Be7 
9.d4 O-O 10.d5 Na7 11.b4 cxb4 12.cxb4 b5 13.Nc3 Nc8 14.a4 bxa4 15.Nxa4 Nb6
16.Nc3 Qc7 17.Qb3 Rfc8 18.Bd2 Nc4 19.Rec1 Nxd2 20.Nxd2 Qb6 21.Nc4 Qd4 22.
Rd1 Qa7 23.b5 Qb8 24.Rdb1 axb5 25.Rxa8 Qxa8 26.Nb6 Qb7 27.Nxc8 Qxc8 28.
Bxb5 Bxb5 29.Nxb5 Nxe4 30.Qe3 f5 31.Na7 Qc5 32.Qxc5 dxc5 33.Nc8 Bf8 34.Rb7
c4 35.Ne7+ Bxe7 36.Rxe7 c3 37.Rc7 Kf8 38.f3 Nf6 39.d6 e4 40.Rxc3 exf3 41.
gxf3 Ke8 42.Rc7 g6 43.Kf2 h6 44.Rg7 g5 45.Ke3 Kd8 46.Kd4 Ne8 47.Rg6 Kd7 
48.Kd3 1-0

[Event "9th American Continental (w)"]
[Site "Villa Martelli ARG"]
[Date "2017.09.05"]
[Round "1.4"]
[White "Cordero Loup, Ely Daniela"]
[Black "Amura, Claudia"]
[Result "1/2-1/2"]
[WhiteElo "2005"]
[BlackElo "2262"]
[EventDate "2017.09.05"]
[PlyCount "73"]

1.d4 d5 2.Nf3 g6 3.c4 Nf6 4.cxd5 Nxd5 5.e4 Nb6 6.h3 Bg7 7.Be2 c5 8.d5 e6 
9.Bb5+ Bd7 10.Bxd7+ Qxd7 11.Nc3 O-O 12.O-O Na6 13.dxe6 Qxe6 14.Bg5 h6 15.
Bh4 g5 16.Bg3 Rfd8 17.Qc1 Nb4 18.Rd1 Nc4 19.a3 Nd3 20.Qc2 Ndxb2 21.Rdb1 
Rd3 22.e5 Rad8 23.Rxb2 Nxb2 24.Qxb2 f5 25.Re1 f4 26.Bh2 Qc4 27.Ne4 Rd1 28.
Qxb7 Bxe5 29.Qe7 Bg7 30.Ned2 R8xd2 31.Qe8+ Bf8 32.Nxd2 Rxd2 33.Qg6+ Kh8 
34.Qf6+ Kg8 35.Qg6+ Kh8 36.Qf6+ Kg8 37.Qg6+ 1/2-1/2

[Event "9th American Continental (w)"]
[Site "Villa Martelli ARG"]
[Date "2017.09.05"]
[Round "1.5"]
[White "Chumpitaz Carbajal, Ann"]
[Black "Besso, Guadalupe"]
[Result "1-0"]
[WhiteElo "2225"]
[BlackElo "1994"]
[EventDate "2017.09.05"]
[PlyCount "51"]

1.d4 Nf6 2.c4 c6 3.Nc3 d5 4.Nf3 e6 5.Qc2 Nbd7 6.Bf4 Be7 7.e3 O-O 8.cxd5 
exd5 9.Bd3 Re8 10.O-O Nf8 11.Rab1 g6 12.b4 Ne6 13.Bg3 Bd7 14.Ne5 a6 15.a4 
b6 16.Qb3 Nh5 17.b5 axb5 18.axb5 Ra3 19.Qb2 cxb5 20.Nxd5 Rf8 21.Nxe7+ Qxe7
22.Nxd7 Nxg3 23.hxg3 Rxd3 24.Nxf8 Nc7 25.Rfc1 b4 26.Qxb4 1-0

[Event "9th American Continental (w)"]
[Site "Villa Martelli ARG"]
[Date "2017.09.05"]
[Round "1.6"]
[White "Jorquera Cabello, Valentina"]
[Black "Fernandez, Maria Florencia"]
[Result "0-1"]
[WhiteElo "1977"]
[BlackElo "2199"]
[EventDate "2017.09.05"]
[PlyCount "64"]

1.e4 c5 2.Nf3 d6 3.Bb5+ Bd7 4.Bxd7+ Qxd7 5.c4 Nc6 6.Nc3 g6 7.d4 cxd4 8.
Nxd4 Bg7 9.Nde2 Nf6 10.f3 O-O 11.O-O Rac8 12.b3 a6 13.a4 Qc7 14.Be3 Qa5 
15.Rb1 Ng4 16.fxg4 Bxc3 17.Nxc3 Qxc3 18.Bh6 Rfe8 19.Rf2 Ne5 20.h3 Rc5 21.
Qf1 Rec8 22.Kh1 b5 23.axb5 axb5 24.Bf4 Rf8 25.cxb5 Qd4 26.Rd1 Qxe4 27.Re2 
Qb7 28.b6 Rc3 29.Bxe5 dxe5 30.Rxe5 Rxh3+ 31.Kg1 Qxb6+ 32.Qf2 Rh1+ 0-1

[Event "9th American Continental (w)"]
[Site "Villa Martelli ARG"]
[Date "2017.09.05"]
[Round "1.7"]
[White "Miranda Llanes, Yerisbel"]
[Black "Strgacich, Aylen"]
[Result "1-0"]
[WhiteElo "2192"]
[BlackElo "1897"]
[EventDate "2017.09.05"]
[PlyCount "47"]

1.d4 Nf6 2.c4 g6 3.Nc3 d5 4.cxd5 Nxd5 5.e4 Nxc3 6.bxc3 Bg7 7.Nf3 O-O 8.Rb1
c5 9.Be2 Nc6 10.d5 Ne5 11.Nxe5 Bxe5 12.Qd2 Qa5 13.Rb3 Qc7 14.f4 Bg7 15.O-O
Rb8 16.c4 Bd4+ 17.Kh1 e5 18.f5 f6 19.fxg6 hxg6 20.Qh6 Qg7 21.Rg3 Kf7 22.
Rxg6 Qxg6 23.Bh5 Rg8 24.Qh7+ 1-0

[Event "9th American Continental (w)"]
[Site "Villa Martelli ARG"]
[Date "2017.09.05"]
[Round "1.8"]
[White "Cosme Contreras, Trilce"]
[Black "Martinez, Ayelen"]
[Result "1-0"]
[WhiteElo "1872"]
[BlackElo "2190"]
[EventDate "2017.09.05"]
[PlyCount "75"]

1.c4 e5 2.Nc3 Nf6 3.g3 g6 4.Bg2 Bg7 5.Nf3 d6 6.O-O O-O 7.d3 h6 8.Rb1 Re8 
9.e4 a5 10.a3 c6 11.b4 axb4 12.axb4 d5 13.c5 Na6 14.Qc2 Nc7 15.Re1 Bg4 16.
Nd2 Ne6 17.f3 Nd4 18.Qd1 Be6 19.Bb2 h5 20.Ne2 Bh6 21.Nxd4 exd4 22.e5 Be3+ 
23.Kh1 Nd7 24.Nf1 b6 25.Nxe3 dxe3 26.d4 bxc5 27.bxc5 Ra2 28.Qb3 Qa8 29.
Qxe3 Bf5 30.Ra1 Rb8 31.Rxa2 Qxa2 32.Bc1 Rb4 33.h3 Rc4 34.Bf1 Rc2 35.Re2 
Qc4 36.Bd2 Bd3 37.e6 Ne5 38.e7 1-0

[Event "9th American Continental (w)"]
[Site "Villa Martelli ARG"]
[Date "2017.09.05"]
[Round "1.10"]
[White "Coelho, Tatiane Cristina"]
[Black "Zuriel, Marisa"]
[Result "1/2-1/2"]
[WhiteElo "1777"]
[BlackElo "2180"]
[EventDate "2017.09.05"]
[PlyCount "107"]

1.e4 c5 2.Nc3 a6 3.g3 b5 4.Bg2 Bb7 5.d3 e6 6.f4 d5 7.e5 Nc6 8.Nf3 Nge7 9.
Bh3 Nf5 10.g4 Nfd4 11.O-O h5 12.g5 g6 13.Nxd4 Nxd4 14.Be3 Qb6 15.Bxd4 cxd4
16.Ne2 Rc8 17.Rc1 Be7 18.Qe1 a5 19.Qf2 Bc5 20.Ng3 Rc7 21.Rce1 Bc8 22.Re2 
a4 23.Qf3 Be7 24.Bg2 Qc5 25.h4 Qb4 26.b3 Qa3 27.bxa4 bxa4 28.f5 exf5 29.
Qxd5 Qc5 30.Qf3 Bb7 31.Qf2 Bd5 32.Bxd5 Qxd5 33.Rfe1 O-O 34.Qf4 Qe6 35.Rg2 
Rfc8 36.Ree2 Qxa2 37.Nxf5 gxf5 38.g6 Rc6 39.gxf7+ Kxf7 40.Qxf5+ Ke8 41.e6 
Qb1+ 42.Kf2 Kd8 43.Qd5+ Kc7 44.Qd7+ Kb8 45.Qxe7 Qb6 46.Kg1 Qb2 47.c4 Qc1+ 
48.Kh2 Qf4+ 49.Kh1 Qf1+ 50.Kh2 Qf4+ 51.Rg3 R6c7 52.Rb2+ Ka8 53.Qb4 Ra7 54.
Qb5 1/2-1/2

[Event "9th American Continental (w)"]
[Site "Villa Martelli ARG"]
[Date "2017.09.05"]
[Round "1.11"]
[White "Vazquez Maccarini, Danitza"]
[Black "Librelato, Ana Julia Goulart"]
[Result "1-0"]
[WhiteElo "2173"]
[BlackElo "1667"]
[EventDate "2017.09.05"]
[PlyCount "79"]

1.e4 e5 2.Nf3 Nc6 3.Bb5 a6 4.Ba4 Nf6 5.d3 b5 6.Bb3 Be7 7.c3 d6 8.h3 O-O 9.
O-O Na5 10.Bc2 c5 11.Re1 Nc6 12.Nbd2 Re8 13.Nf1 h6 14.d4 cxd4 15.cxd4 exd4
16.Nxd4 Nxd4 17.Qxd4 Be6 18.Bb3 Bxb3 19.axb3 Bf8 20.Ng3 Qc7 21.Bxh6 Qc5 
22.Be3 Qc6 23.Rac1 Qd7 24.Bg5 Re6 25.Bxf6 Rxf6 26.Nh5 Rg6 27.Nf4 Rg5 28.
Kh2 g6 29.Nd5 Bg7 30.Qe3 Qd8 31.Nc7 Rc8 32.Ne6 fxe6 33.Rxc8 Rxg2+ 34.Kxg2 
Qxc8 35.Rc1 Qb7 36.Rc2 Kf7 37.f3 Be5 38.Qc1 Qb6 39.Rc7+ Kf6 40.h4 1-0

[Event "9th American Continental (w)"]
[Site "Villa Martelli ARG"]
[Date "2017.09.05"]
[Round "1.12"]
[White "Bosco, Giuliana"]
[Black "Alboredo, Julia"]
[Result "0-1"]
[WhiteElo "1582"]
[BlackElo "2120"]
[EventDate "2017.09.05"]
[PlyCount "76"]

1.e4 c5 2.Nc3 Nc6 3.g3 d6 4.Bg2 g6 5.d3 Bg7 6.f4 e6 7.Nf3 Nge7 8.O-O O-O 
9.Be3 b6 10.h3 d5 11.Bf2 Ba6 12.Re1 Qc7 13.e5 Rac8 14.g4 Rfe8 15.h4 Nb8 
16.h5 gxh5 17.gxh5 Nf5 18.Nh2 Kh8 19.Bh3 Nh6 20.Bh4 Rg8 21.Kh1 Nd7 22.Rg1 
b5 23.Nf3 b4 24.Ne2 d4 25.Ng3 Bb7 26.Ne4 Bxe4 27.dxe4 Nb6 28.b3 Nd7 29.Nd2
Qc6 30.Qe2 Nf5 31.Bxf5 exf5 32.Bg5 f6 33.exf6 Bxf6 34.Kh2 h6 35.Bxh6 d3 
36.Qxd3 Bxa1 37.Rxa1 Qxh6 38.Qxd7 Qxh5# 0-1

[Event "9th American Continental (w)"]
[Site "Villa Martelli ARG"]
[Date "2017.09.06"]
[Round "2.1"]
[White "Miranda Llanes, Yerisbel"]
[Black "Cori Tello, Deysi"]
[Result "1-0"]
[WhiteElo "2192"]
[BlackElo "2389"]
[EventDate "2017.09.05"]
[PlyCount "69"]

1.d4 Nf6 2.c4 e6 3.Nc3 Bb4 4.e3 c5 5.Ne2 cxd4 6.exd4 d5 7.a3 Be7 8.Nf4 O-O
9.cxd5 Nxd5 10.Nfxd5 exd5 11.Be2 Nc6 12.O-O Be6 13.b4 Rc8 14.Be3 Nxb4 15.
axb4 Rxc3 16.Rxa7 Qb6 17.Qa1 Bxb4 18.Rb1 Bf5 19.Rxb4 Qxb4 20.Bd2 Qe7 21.
Bxc3 Qxe2 22.Rxb7 Re8 23.Ra7 h5 24.Ra8 Bc8 25.h3 Kh7 26.Qc1 Qc4 27.Qb1+ g6
28.Qb4 Qd3 29.Qc5 Qb1+ 30.Kh2 Qf5 31.Qc7 h4 32.Bd2 Qxf2 33.Bf4 Rf8 34.Rxc8
Kg8 35.Rxf8+ 1-0

[Event "9th American Continental (w)"]
[Site "Villa Martelli ARG"]
[Date "2017.09.06"]
[Round "2.2"]
[White "Lujan, Carolina"]
[Black "Aliaga Fernandez, Ingrid"]
[Result "1-0"]
[WhiteElo "2376"]
[BlackElo "2182"]
[EventDate "2017.09.05"]
[PlyCount "123"]

1.e4 c5 2.Nf3 e6 3.d4 cxd4 4.Nxd4 a6 5.Be2 Nf6 6.Nc3 Qc7 7.O-O d6 8.a4 Nc6
9.Be3 Be7 10.f4 O-O 11.Kh1 Bd7 12.Bf3 Nxd4 13.Qxd4 Bc6 14.a5 Nd7 15.Qd2 
Rac8 16.g4 Rfe8 17.g5 Bf8 18.Bg2 g6 19.Rfd1 Red8 20.h4 Nc5 21.Qf2 Nd7 22.
Rf1 Re8 23.Bd4 e5 24.Bb6 Nxb6 25.axb6 Qe7 26.f5 Rcd8 27.Rad1 gxf5 28.Qxf5 
Bd7 29.Qf3 Be6 30.Nd5 Bxd5 31.Rxd5 Rc8 32.c3 Rc5 33.Qh5 Rxd5 34.exd5 e4 
35.Bh3 Bg7 36.Bf5 e3 37.Bxh7+ Kf8 38.Bd3 e2 39.Bxe2 Qe4+ 40.Bf3 Qe3 41.Bg2
Re7 42.g6 Qxb6 43.gxf7 Qc7 44.Qg6 Rxf7 45.Rxf7+ Qxf7 46.Qxd6+ Qe7 47.Qf4+ 
Bf6 48.Be4 Qe5 49.Qxe5 Bxe5 50.Kg2 a5 51.Kf3 a4 52.Bc2 a3 53.bxa3 Bxc3 54.
a4 Ke7 55.Ke4 Kf6 56.h5 Bb4 57.Kd4 b6 58.Kc4 Bd2 59.Kb5 Ke5 60.Kc6 Be3 61.
d6 Bg5 62.d7 1-0

[Event "9th American Continental (w)"]
[Site "Villa Martelli ARG"]
[Date "2017.09.06"]
[Round "2.3"]
[White "Alboredo, Julia"]
[Black "Arribas Robaina, Maritza"]
[Result "0-1"]
[WhiteElo "2120"]
[BlackElo "2273"]
[EventDate "2017.09.05"]
[PlyCount "70"]

1.e4 e5 2.Nf3 d6 3.d4 exd4 4.Nxd4 Nf6 5.Nc3 Be7 6.Be2 O-O 7.O-O Re8 8.f4 
a6 9.Bf3 c5 10.Nb3 Nc6 11.Kh1 Be6 12.Nd5 Bf8 13.a4 Rc8 14.c3 c4 15.Nxf6+ 
Qxf6 16.Nd4 Bd7 17.Be3 Qd8 18.Qd2 Na5 19.Qf2 g6 20.f5 Bg7 21.Qg3 Be5 22.
Bf4 Nc6 23.fxg6 hxg6 24.Nc2 Bxf4 25.Qxf4 Ne5 26.Ne3 Be6 27.Rad1 Qe7 28.Qg3
Rc5 29.Rd4 Kg7 30.Rfd1 Nd3 31.b4 Rg5 32.Bg4 Bxg4 33.R1xd3 Be2 34.Nd5 cxd3 
35.Nxe7 Rxg3 0-1

[Event "9th American Continental (w)"]
[Site "Villa Martelli ARG"]
[Date "2017.09.06"]
[Round "2.4"]
[White "Palomares, Lujan"]
[Black "Chumpitaz Carbajal, Ann"]
[Result "0-1"]
[WhiteElo "1259"]
[BlackElo "2225"]
[EventDate "2017.09.05"]
[PlyCount "94"]

1.e4 c5 2.Nf3 g6 3.d4 Bg7 4.Nc3 cxd4 5.Nxd4 Nc6 6.Nf3 Nf6 7.Be2 O-O 8.O-O 
d6 9.Rb1 Bd7 10.Be3 Ng4 11.Bf4 Rc8 12.h3 Nge5 13.Nd5 Re8 14.c3 Nxf3+ 15.
Bxf3 Ne5 16.Be2 Bc6 17.Re1 e6 18.Bxe5 Bxe5 19.f4 Bg7 20.Bg4 h5 21.Nb4 hxg4
22.Nxc6 Rxc6 23.Qxg4 Qa5 24.a3 Rd8 25.Red1 Qh5 26.Qxh5 gxh5 27.Kf2 b5 28.
Kf3 a5 29.Rbc1 Rdc8 30.g4 hxg4+ 31.hxg4 b4 32.axb4 axb4 33.f5 bxc3 34.bxc3
Bh6 35.Rc2 Rxc3+ 36.Rxc3 Rxc3+ 37.Kg2 Bf4 38.Kg1 Rc2 39.Rf1 Be3+ 40.Kh1 
Kg7 41.Re1 Bf4 42.Rf1 e5 43.Rd1 Kf6 44.Rxd6+ Kg5 45.Rd7 Kxg4 46.Rxf7 Kf3 
47.f6 Rc1# 0-1

[Event "9th American Continental (w)"]
[Site "Villa Martelli ARG"]
[Date "2017.09.06"]
[Round "2.5"]
[White "Fernandez, Maria Florencia"]
[Black "Vazquez Maccarini, Danitza"]
[Result "0-1"]
[WhiteElo "2199"]
[BlackElo "2173"]
[EventDate "2017.09.05"]
[PlyCount "118"]

1.d4 Nf6 2.c4 e6 3.Nc3 Bb4 4.e3 O-O 5.Ne2 Re8 6.a3 Bf8 7.d5 d6 8.g3 Nbd7 
9.Bg2 Ne5 10.b3 exd5 11.cxd5 Bg4 12.f4 Ned7 13.h3 Bxe2 14.Qxe2 Nc5 15.Qc2 
Qe7 16.O-O Nfe4 17.Ne2 a5 18.Bb2 a4 19.b4 Nb3 20.Rae1 Ned2 21.e4 Nxf1 22.
Rxf1 c5 23.dxc6 bxc6 24.f5 f6 25.Qxc6 Rec8 26.Qd5+ Qf7 27.e5 fxe5 28.Qxf7+
Kxf7 29.Bxa8 Rxa8 30.Rf3 d5 31.Re3 Nd2 32.Rd3 Nc4 33.Bc1 d4 34.g4 Rc8 35.
Kf2 Be7 36.Kf3 Nd6 37.Rd1 Rc2 38.Rd2 Rxd2 39.Bxd2 Nc4 40.Bc1 d3 41.Nc3 d2 
42.Bxd2 Nxd2+ 43.Ke3 Nc4+ 44.Ke4 Nxa3 45.Nxa4 Bxb4 46.Kxe5 Nc4+ 47.Kd4 Nd2
48.Ke3 Kf6 49.Nb2 Kg5 50.Nd3 Bc3 51.Kf2 Kh4 52.Kg2 Ne4 53.Nf4 Ng5 54.Nd5 
Be5 55.Nb6 Nxh3 56.Nd7 Bb2 57.Kf3 Ng5+ 58.Kf4 Bc1+ 59.Ke5 Kxg4 0-1

[Event "9th American Continental (w)"]
[Site "Villa Martelli ARG"]
[Date "2017.09.06"]
[Round "2.6"]
[White "Amura, Claudia"]
[Black "Cosme Contreras, Trilce"]
[Result "0-1"]
[WhiteElo "2262"]
[BlackElo "1872"]
[EventDate "2017.09.05"]
[PlyCount "100"]

1.d4 Nf6 2.Bg5 c5 3.Bxf6 exf6 4.e3 Qb6 5.b3 cxd4 6.exd4 d5 7.Qe2+ Be6 8.
Qb5+ Qxb5 9.Bxb5+ Nd7 10.Ne2 Bd6 11.O-O a6 12.Bd3 Rc8 13.f4 f5 14.g4 Nf6 
15.gxf5 Bd7 16.a4 O-O 17.Nd2 Bb4 18.Nf3 Ne4 19.Ng3 Bc3 20.Nxe4 dxe4 21.
Bxe4 Bxa1 22.Rxa1 f6 23.c4 Rfe8 24.Bxb7 Rb8 25.Bd5+ Kf8 26.Nd2 Bxf5 27.Ra2
Re3 28.Bf3 g5 29.fxg5 fxg5 30.Kf2 Rc3 31.c5 Rb4 32.Rb2 a5 33.Be4 Rxd4 34.
Bxf5 Rf4+ 35.Kg2 Rxf5 36.b4 axb4 37.Rxb4 Rcxc5 38.Kg3 Rc3+ 39.Kg2 Rc2 40.
Rd4 Rf4 41.Rd7 Ke8 42.Rd5 Rxa4 43.Kg3 Rc3+ 44.Kf2 Ra2 45.Ke1 Rc1+ 46.Kf2 
Kf7 47.Kf3 Rd1 48.Ke3 Kg6 49.Rd3 Kh5 50.Ke2 Rdxd2+ 0-1

[Event "9th American Continental (w)"]
[Site "Villa Martelli ARG"]
[Date "2017.09.06"]
[Round "2.7"]
[White "Zuriel, Marisa"]
[Black "Cordero Loup, Ely Daniela"]
[Result "1/2-1/2"]
[WhiteElo "2180"]
[BlackElo "2005"]
[EventDate "2017.09.05"]
[PlyCount "126"]

1.e4 e6 2.d4 d5 3.Nc3 Nf6 4.e5 Nfd7 5.f4 c5 6.Nf3 Nc6 7.Be3 Qb6 8.Na4 Qa5+
9.c3 b6 10.Bd2 c4 11.b4 Nxb4 12.cxb4 Bxb4 13.Qc2 Bxd2+ 14.Nxd2 b5 15.Nc3 
Nb6 16.h4 Bd7 17.Rh3 b4 18.Nd1 Rc8 19.h5 Na4 20.Rb1 Qb6 21.Nf3 a5 22.Rg3 
g6 23.Ne3 Ke7 24.Ng4 b3 25.Qc1 Qb4+ 26.Kf2 Nc3 27.a3 Ne4+ 28.Kg1 Qa4 29.
Rh3 c3 30.Bd3 b2 31.Qc2 Qxa3 32.Bxe4 dxe4 33.Ne1 gxh5 34.Nf6 Ba4 35.Qxe4 
Qb4 36.d5 Qxe4 37.d6+ Kd8 38.Nxe4 c2 39.Nxc2 Bxc2 40.Rxb2 Bxe4 41.Ra3 Rg8 
42.Rxa5 Rg4 43.Rf2 Rc1+ 44.Kh2 Rh4+ 45.Kg3 Rch1 46.Rfa2 Rg4+ 47.Kf2 Rxg2+ 
48.Ke3 Rxa2 49.Rxa2 Bd5 50.Ra7 Rb1 51.Rxf7 Rb7 52.Rf8+ Kd7 53.Rh8 Kc6 54.
Rc8+ Kb6 55.Kd4 h4 56.Rc3 Rf7 57.f5 h5 58.f6 Bg2 59.Ke3 h3 60.Kf2 h4 61.
Rc4 Ra7 62.Rd4 Ra2+ 63.Ke3 h2 1/2-1/2

[Event "9th American Continental (w)"]
[Site "Villa Martelli ARG"]
[Date "2017.09.06"]
[Round "2.8"]
[White "Martinez, Ayelen"]
[Black "Coelho, Tatiane Cristina"]
[Result "1-0"]
[WhiteElo "2190"]
[BlackElo "1777"]
[EventDate "2017.09.05"]
[PlyCount "82"]

1.e4 e5 2.Nf3 Nc6 3.Bb5 a6 4.Ba4 Nf6 5.d3 b5 6.Bb3 Be7 7.O-O d6 8.a3 O-O 
9.Nc3 h6 10.h3 Re8 11.Ba2 Bf8 12.Be3 Bb7 13.Ne2 d5 14.Ng3 Nb8 15.Qe2 Nbd7 
16.Nh2 dxe4 17.dxe4 Nxe4 18.Nxe4 Bxe4 19.Bxh6 Bxg2 20.Rfd1 Bc6 21.Qh5 Qf6 
22.Bg5 Qf5 23.b4 Be7 24.h4 g6 25.Qg4 Bxg5 26.hxg5 Rad8 27.Qxf5 gxf5 28.g6 
Kg7 29.gxf7 Rh8 30.Rd3 f4 31.Rad1 Rh6 32.f3 Rdh8 33.R1d2 Nf6 34.Rg2+ Kf8 
35.Rd8+ Ke7 36.Rdg8 Nd7 37.Ng4 Rh1+ 38.Kf2 Kd6 39.Rg6+ Ke7 40.Rxc6 Nf8 41.
Nh2 Kd8 1-0

[Event "9th American Continental (w)"]
[Site "Villa Martelli ARG"]
[Date "2017.09.06"]
[Round "2.10"]
[White "Strgacich, Aylen"]
[Black "Carraro, Denise"]
[Result "0-1"]
[WhiteElo "1897"]
[BlackElo "2071"]
[EventDate "2017.09.05"]
[PlyCount "102"]

1.d4 Nf6 2.c4 e6 3.g3 c5 4.d5 exd5 5.cxd5 d6 6.Nc3 g6 7.Bg2 Bg7 8.Nf3 O-O 
9.O-O Re8 10.Bf4 h6 11.Nb5 Bf8 12.a4 a6 13.Nc3 Bf5 14.h3 g5 15.Nxg5 hxg5 
16.Bxg5 Be7 17.f4 Ne4 18.Nxe4 Bxe4 19.Bxe4 Bxg5 20.Bc2 Bf6 21.Rb1 Re3 22.
Rf3 Qe7 23.Qd2 Bd4 24.Kh1 a5 25.Rxe3 Qxe3 26.Qxe3 Bxe3 27.Kg2 Nd7 28.Kf3 
Re8 29.Bd3 Nb6 30.Rd1 Re7 31.b3 Nxd5 32.Bc4 Nb4 33.Rxd6 Nc6 34.Kg2 Nd4 35.
Rd5 b6 36.Rd6 Bd2 37.Kf1 Re3 38.Kf2 Re7 39.Rxb6 Kg7 40.Rd6 Be3+ 41.Kg2 Rb7
42.Bd5 Re7 43.Bc4 Bc1 44.Kf2 Bb2 45.Rd5 Nc2 46.Kf3 Bd4 47.h4 f6 48.Rd8 f5 
49.Kg2 Ne3+ 50.Kh1 Nxc4 51.bxc4 Rxe2 0-1

[Event "9th American Continental (w)"]
[Site "Villa Martelli ARG"]
[Date "2017.09.06"]
[Round "2.11"]
[White "Ocampo Garcia, Derly Ginneth"]
[Black "Abarca Gonzalez, Damaris"]
[Result "0-1"]
[WhiteElo "1821"]
[BlackElo "2019"]
[EventDate "2017.09.05"]
[PlyCount "61"]

1.e4 c5 2.Nc3 e6 3.d3 Nc6 4.Nf3 g6 5.g3 Bg7 6.Bg2 d6 7.h4 h5 8.Bd2 Rb8 9.
Rb1 b5 10.Ne2 b4 11.O-O Nge7 12.Re1 O-O 13.Nf4 e5 14.Ne2 Be6 15.Ra1 f6 16.
Nh2 a5 17.f4 Qd7 18.Be3 Bh3 19.Qd2 Bxg2 20.Kxg2 Nd4 21.Bxd4 cxd4 22.fxe5 
dxe5 23.a3 Rfc8 24.axb4 axb4 25.b3 Kh7 26.Ra2 Bh6 27.Qd1 Qc6 28.Ng1 Nf5 
29.Kf2 Ne3 30.Qb1 Nxc2 31.Re2 0-1

[Event "9th American Continental (w)"]
[Site "Villa Martelli ARG"]
[Date "2017.09.06"]
[Round "2.12"]
[White "Nejanky, Maisa"]
[Black "Librelato, Ana Julia Goulart"]
[Result "1-0"]
[WhiteElo "2018"]
[BlackElo "1667"]
[EventDate "2017.09.05"]
[PlyCount "59"]

1.e4 d6 2.d4 g6 3.Nc3 Bg7 4.Be3 a6 5.Qd2 b5 6.f3 Nd7 7.O-O-O Bb7 8.Kb1 Rc8
9.Nge2 Nb6 10.Nf4 b4 11.Ncd5 Nxd5 12.Nxd5 a5 13.h4 Bxd5 14.exd5 Rb8 15.h5 
Nf6 16.h6 Bf8 17.Bc4 Qc8 18.Bg5 Qf5 19.g4 Qc8 20.Bxf6 exf6 21.Rde1+ Kd7 
22.Bb3 c6 23.Ba4 Rb6 24.dxc6+ Kc7 25.d5 Qd8 26.Qe3 Qc8 27.Rh2 g5 28.Qd4 
Qd8 29.Rhe2 Bxh6 30.Re7+ 1-0

[Event "9th American Continental (w)"]
[Site "Villa Martelli ARG"]
[Date "2017.09.06"]
[Round "2.13"]
[White "Besso, Guadalupe"]
[Black "Bosco, Giuliana"]
[Result "1-0"]
[WhiteElo "1994"]
[BlackElo "1582"]
[EventDate "2017.09.05"]
[PlyCount "77"]

1.d4 Nf6 2.c4 g6 3.Nc3 Bg7 4.Nf3 O-O 5.e4 d6 6.Be2 e5 7.O-O Nc6 8.d5 Ne7 
9.b4 Ne8 10.Re1 h6 11.c5 f5 12.Nd2 Nf6 13.cxd6 cxd6 14.Bf3 f4 15.Nc4 h5 
16.Nb5 Ne8 17.Ba3 Rf7 18.h3 Bf8 19.Qb3 Kh7 20.Rab1 Ng8 21.Bb2 Ngf6 22.Qd3 
Rg7 23.Rbc1 Kg8 24.Nbxd6 Nxd6 25.Bxe5 Nde8 26.Bxf4 Bxb4 27.Red1 g5 28.Be5 
g4 29.hxg4 hxg4 30.Be2 b5 31.Ne3 Re7 32.Qd4 Ba3 33.Rc6 Rf7 34.Bxf6 Nxf6 
35.e5 Ne8 36.Nxg4 Rg7 37.Qf4 Qg5 38.Nh6+ Kh7 39.Bd3+ 1-0

[Event "9th American Continental (w)"]
[Site "Villa Martelli ARG"]
[Date "2017.09.07"]
[Round "3.1"]
[White "Vazquez Maccarini, Danitza"]
[Black "Lujan, Carolina"]
[Result "0-1"]
[WhiteElo "2173"]
[BlackElo "2376"]
[EventDate "2017.09.05"]
[PlyCount "78"]

1.e4 c5 2.Nf3 Nc6 3.Bb5 e6 4.Bxc6 bxc6 5.b3 f6 6.O-O Ne7 7.Ba3 d6 8.d4 
cxd4 9.Qxd4 c5 10.Qd2 Ng6 11.c4 Be7 12.Nc3 Bb7 13.Rad1 O-O 14.Qe3 Qc7 15.
Rfe1 Qc6 16.Bb2 Rae8 17.Re2 a6 18.Ne1 Bd8 19.Red2 Bc7 20.f3 Bb8 21.Kh1 Qc7
22.Qg1 Qe7 23.Na4 Bc6 24.Nd3 Qb7 25.Nc3 Rc8 26.Ne2 f5 27.e5 Nh4 28.Nef4 
Nxf3 29.gxf3 Bxf3+ 30.Ng2 Bxd1 31.Qxd1 f4 32.Rf2 Rcd8 33.Qg4 dxe5 34.Nxc5 
Qf7 35.Nxe6 Qd7 36.h3 f3 37.Nxf8 Qxg4 38.hxg4 Rd1+ 39.Kh2 e4+ 0-1

[Event "9th American Continental (w)"]
[Site "Villa Martelli ARG"]
[Date "2017.09.07"]
[Round "3.2"]
[White "Arribas Robaina, Maritza"]
[Black "Miranda Llanes, Yerisbel"]
[Result "1/2-1/2"]
[WhiteElo "2273"]
[BlackElo "2192"]
[EventDate "2017.09.05"]
[PlyCount "24"]

1.e4 e5 2.Nf3 Nf6 3.Nxe5 d6 4.Nf3 Nxe4 5.Qe2 Qe7 6.d3 Nf6 7.Bg5 Qxe2+ 8.
Bxe2 Be7 9.Nc3 Bd7 10.O-O Nc6 11.Rfe1 O-O-O 12.d4 Bf5 1/2-1/2

[Event "9th American Continental (w)"]
[Site "Villa Martelli ARG"]
[Date "2017.09.07"]
[Round "3.3"]
[White "Chumpitaz Carbajal, Ann"]
[Black "Cosme Contreras, Trilce"]
[Result "1-0"]
[WhiteElo "2225"]
[BlackElo "1872"]
[EventDate "2017.09.05"]
[PlyCount "45"]

1.e4 c5 2.Nf3 d6 3.d4 cxd4 4.Nxd4 Nf6 5.Nc3 a6 6.Bg5 e6 7.f4 Be7 8.Qf3 Qc7
9.O-O-O b5 10.e5 Bb7 11.Qg3 dxe5 12.fxe5 b4 13.Ncb5 axb5 14.Nxb5 Qc6 15.
exf6 Bxf6 16.Bxf6 gxf6 17.Nd6+ Ke7 18.Bb5 Qb6 19.Qg7 Rf8 20.Rhe1 Nc6 21.
Nf5+ Ke8 22.Qxf6 Qc7 23.Ng7# 1-0

[Event "9th American Continental (w)"]
[Site "Villa Martelli ARG"]
[Date "2017.09.07"]
[Round "3.4"]
[White "Cori Tello, Deysi"]
[Black "Nejanky, Maisa"]
[Result "1-0"]
[WhiteElo "2389"]
[BlackElo "2018"]
[EventDate "2017.09.05"]
[PlyCount "79"]

1.Nf3 Nf6 2.c4 c5 3.Nc3 Nc6 4.d4 cxd4 5.Nxd4 g6 6.g3 d6 7.Bg2 Bd7 8.O-O 
Bg7 9.Nc2 O-O 10.Rb1 Qc8 11.Re1 Bh3 12.Bh1 Rd8 13.b3 Ng4 14.Nd5 h6 15.e4 
Nge5 16.Bb2 g5 17.Nd4 Re8 18.Ne3 Kh7 19.Ndf5 Bf8 20.Qh5 Bxf5 21.exf5 Bg7 
22.Be4 f6 23.f4 gxf4 24.gxf4 Nd7 25.Kh1 Rg8 26.Rg1 Qe8 27.Rg6 Nf8 28.Rbg1 
Nxg6 29.fxg6+ Kh8 30.Nf5 Qf8 31.Nxh6 Bxh6 32.g7+ Qxg7 33.Rxg7 Kxg7 34.Qg6+
Kf8 35.Qxh6+ Ke8 36.Bd5 Rf8 37.Be6 a5 38.Bc3 Nb4 39.c5 dxc5 40.Qh5+ 1-0

[Event "9th American Continental (w)"]
[Site "Villa Martelli ARG"]
[Date "2017.09.07"]
[Round "3.5"]
[White "Carraro, Denise"]
[Black "Fernandez, Maria Florencia"]
[Result "1-0"]
[WhiteElo "2071"]
[BlackElo "2199"]
[EventDate "2017.09.05"]
[PlyCount "33"]

1.e4 d6 2.d4 Nf6 3.Nc3 g6 4.h3 Bg7 5.g4 Nfd7 6.Be3 O-O 7.Qd2 c6 8.a4 Qa5 
9.Bg2 Na6 10.Nge2 Nb6 11.b3 c5 12.O-O Qb4 13.a5 cxd4 14.Nxd4 Nd7 15.Ra4 
Qc5 16.Nd5 e5 17.Ne2 1-0